| 000 | 01412cam a2200385 i 4500 | ||
|---|---|---|---|
| 999 |
_c532587 _d532587 |
||
| 001 | 17657331 | ||
| 003 | NUST | ||
| 005 | 20191126110319.0 | ||
| 008 | 130313t20132013nyua b 000 0 eng | ||
| 010 | _a 2013009497 | ||
| 020 | _a9780231163569 (cloth : acidfree paper) | ||
| 020 | _a0231163568 (cloth : acidfree paper) | ||
| 020 | _z9780231536059 (ebook) | ||
| 038 | _aMSOHAIL | ||
| 040 |
_aDLC _beng _cDLC _erda _dDLC |
||
| 042 | _apcc | ||
| 050 | 0 | 0 |
_aHD53 _b.L545 2013 |
| 082 | 0 | 0 |
_a658.403 _223 |
| 100 | 1 |
_aLiedtka, Jeanne. _926196 |
|
| 245 | 1 | 0 |
_aSolving problems with design thinking : _b10 stories of what works / _cJeanne Liedtka, Andrew King, and Kevin Bennett. |
| 264 | 1 |
_aNew York : _bColumbia Business School Publishing, _c[2013] |
|
| 264 | 4 | _c©2013 | |
| 300 |
_axiv, 216 pages : _billustrations ; _c24 cm |
||
| 336 |
_atext _2rdacontent |
||
| 337 |
_aunmediated _2rdamedia |
||
| 338 |
_avolume _2rdacarrier |
||
| 504 | _aIncludes bibliographical references. | ||
| 650 | 0 |
_aCreative ability in business. _926197 |
|
| 650 | 0 |
_aDesign. _925070 |
|
| 700 | 1 |
_aKing, Andrew _q(Andrew Courtland) _926198 |
|
| 700 | 1 |
_aBennett, Kevin B. _q(Kevin Bruce), _d1957- _926199 |
|
| 906 |
_a7 _bcbc _corignew _d1 _eecip _f20 _gy-gencatlg |
||
| 942 |
_2ddc _cBK |
||